Coronation Street Characters - Statistics

General Stats
  • This quiz has been taken 1,124 times
    469 since last reset
  • The average score is 63 of 86
Answer Stats
Character Actor % Correct
Ken Barlow William Roache
93%
David Platt Jack P Shepherd
92%
Dev Alahan Jimmi Harkishin
92%
Sally Metcalfe Sally Dynevor
92%
Carl Webster Jonathan Howard
91%
Fiz Dobbs Jennie McAlpine
91%
Sarah Barlow Tina O'Brien
91%
Roy Cropper David Neilson
90%
Tracy McDonald Kate Ford
90%
Kevin Webster Michael Le Vell
89%
Leanne Battersby Jane Danson
89%
Tyrone Dobbs Alan Halsall
89%
Nick Tilsley Ben Price
88%
Asha Alahan Tanisha Gorey
87%
Maria Connor Samia Longchambon
87%
Steve McDonald Simon Gregson
87%
Tim Metcalfe Joe Duttine
87%
Daniel Osbourne Rob Mallard
86%
Rita Tanner Barbara Knox
86%
Todd Grimshaw Gareth Pierce
86%
Audrey Roberts Sue Nicholls
84%
Carla Connor Alison King
84%
Gary Windass Mikey North
84%
Amy Barlow Elle Mulvaney
83%
Chesney Winter-Brown Sam Aston
83%
Ryan Connor Ryan Prescott
82%
Shona Platt Julia Goulding
82%
Toyah Habeeb Georgia Taylor
82%
Billy Mayhew Daniel Brocklebank
81%
Adam Barlow Sam Robertson
80%
Gemma Winter-Brown Dolly-Rose Campbell
80%
Aadi Alahan Adam Hussain
79%
Eileen Grimshaw Sue Cleaver
79%
Hope Stape Isabella Flanagan
79%
Jenny Connor Sally Ann Matthews
79%
Lisa Swain Vicky Myers
79%
Sean Tully Antony Cotton
79%
Debbie Webster Sue Devaney
78%
Kirk Sutherland Andrew Whyment
78%
Liam Connor Charlie Wrenshall
78%
George Shuttleworth Tony Maudsley
77%
Mary Taylor Patti Clare
77%
Sam Blakeman Jude Riordan
77%
Summer Spellman Harriet Bibby
76%
Bernie Winter Jane Hazlegrove
75%
Jack Webster Kyran Bowes
75%
Abi Webster Sally Carman
74%
Betsy Swain Sydney Martin
74%
Eva Price Catherine Tyldesley
73%
Lily Platt Brooke Malonie
73%
Nina Lucas Mollie Gallagher
73%
Ruby Dobbs Macy Alabi
73%
Dee Dee Bailey Channique Sterling-Brown
72%
James Bailey Jason Callender
70%
Cassie Plummer Claire Sweeney
69%
Glenda Shuttleworth Jodie Prenger
69%
Izzy Armstrong Cherylee Houston
69%
Kit Green Jacob Roberts
69%
Alya Nazir Sair Khan
68%
Evelyn Plummer Maureen Lipman
68%
Lauren Bolton Cait Fitton
68%
Theo Silverton James Cartwright
68%
Joseph Brown William Flanagan
67%
Michael Bailey Ryan Russell
67%
Ronnie Bailey Vinta Morgan
67%
Brian Packham Peter Gunn
66%
Ed Bailey Trevor Michael Georges
66%
Dylan Wilson Liam McCheyne
65%
Brody Michaelis Ryan Mulvey
62%
Harry Platt Carter-J Murphy
61%
Bobby Crawford Jack Carroll
59%
Aled Winter-Brown Joseph Woods
58%
Jake Windass Bobby Bradshaw
58%
Lou Michaelis Farrel Hegarty
58%
Mick Michaelis Joe Layton
57%
Frankie Bolton Roman Thresh
54%
Alfie Franklin Carter and Oakley Razak Townsend
53%
Bertie Osbourne Rufus Morgan-Smith
53%
Glory Bailey Mayia M
52%
Bryn Winter-Brown Lily Taylor
51%
Llio Winter-Brown Lucy Taylor
51%
Alex Warner Liam Bairstow
50%
Christina Boyd Amy Robbins
50%
Carys Winter-Brown James Holt
48%
Dr Susan Gaddas Christine Mackie
42%
Noah Hedley Richard Winsor
40%
No matching quizzes found
Score Distribution
Percent of People with Each Score
Percentile by Number Answered
Your Score History
You have not taken this quiz since the last reset